| 000 | 00681nam a2200241 a 4500 | ||
|---|---|---|---|
| 001 | 1624528 | ||
| 005 | 20180119073409.0 | ||
| 008 | 950608s1995 moua d 000 0 eng d | ||
| 010 | _a 95166754 | ||
| 020 |
_z0815191444 _a0815191448 |
||
| 035 | _a(OCoLC)32616890 | ||
| 040 |
_aCNwCC _cCNwCC _dDLC |
||
| 041 | _aeng | ||
| 042 | _alccopycat | ||
| 080 | _a610.14 WIL | ||
| 082 | 0 | 0 |
_a610.14 WIL _220 |
| 100 | 1 | _a4 | |
| 101 | _aSHM | ||
| 245 | 1 | 0 |
_aBasic healthcare terminology : _cR.W. Williams. |
| 906 |
_a7 _bcbc _ccopycat _d2 _encip _f19 _gy-gencatlg |
||
| 942 |
_2ddc _cBK |
||
| 999 |
_c40586 _d40586 |
||